[Event "Tradewise Gibraltar Chess Festival 2011"]
[Site "Gibraltar ENG"]
[Date "2011.01.30"]
[Round "6.102"]
[White "Bishop, Peter"]
[Black "Lochte, Szilvia"]
[Result "1-0"]
[WhiteElo "1784"]
[BlackElo "2015"]
[PlyCount "85"]
[EventDate "2011.01.25"]
[EventType "swiss"]
[EventRounds "10"]
[EventCountry "ENG"]
[Source "lmi"]
[SourceDate "2011.01.25"]

1. e4 e6 2. Nc3 d5 3. d4 dxe4 4. Nxe4 Bd7 5. Nf3 Bc6 6. Bd3 Nd7 7. O-O Ngf6 8.
Bg5 h6 9. Bh4 Bxe4 10. Bxe4 g5 11. Nxg5 hxg5 12. Bxg5 c6 13. Re1 Qc7 14. g3
O-O-O 15. Bg2 Bd6 16. c4 Rdg8 17. Bxf6 Nxf6 18. c5 Be7 19. b4 Ng4 20. b5 cxb5
21. a4 b4 22. a5 Rxh2 23. a6 bxa6 24. Qf3 Rxg2+ 25. Qxg2 Kd7 26. Rxa6 Rb8 27.
Rea1 Bxc5 28. dxc5 Qxc5 29. Rxa7+ Ke8 30. Ra8 Rxa8 31. Qxa8+ Kd7 32. Rd1+ Kc7
33. Qd8+ Kc6 34. Qd7+ Kb6 35. Qd8+ Kb5 36. Qd7+ Qc6 37. Qd4 Qc4 38. Qd7+ Kc5
39. Qa7+ Kb5 40. Qb7+ Ka4 41. Ra1+ Kb3 42. Rb1+ Ka3 43. Qa7+ 1-0

[Event "Tradewise Gibraltar Chess Festival 2011"]
[Site "Gibraltar ENG"]
[Date "2011.01.30"]
[Round "6.103"]
[White "Wright, Jonathan"]
[Black "Siddiqui, Nida"]
[Result "1-0"]
[WhiteElo "1895"]
[BlackElo "1739"]
[PlyCount "67"]
[EventDate "2011.01.25"]
[EventType "swiss"]
[EventRounds "10"]
[EventCountry "ENG"]
[Source "lmi"]
[SourceDate "2011.01.25"]

1. e4 e5 2. Nf3 Nc6 3. Bb5 a6 4. Ba4 Nf6 5. O-O Be7 6. d4 Nxe4 7. d5 b5 8. Bb3
Na5 9. d6 Nxb3 10. dxe7 Qxe7 11. axb3 d6 12. Qd5 Ra7 13. Qxe4 Bb7 14. Qe3 Ra8
15. Re1 O-O 16. b4 f5 17. Qb3+ Kh8 18. Nbd2 Qf6 19. Qc3 Rac8 20. b3 c5 21. Bb2
cxb4 22. Qxb4 Rxc2 23. Ba3 Rc5 24. Qh4 Qxh4 25. Nxh4 b4 26. Bxb4 Rc2 27. Nc4
Rc8 28. Nxd6 R8c7 29. Nc4 Be4 30. Ne3 Rb2 31. Rad1 g5 32. Bd6 Rxb3 33. Bxe5+
Rg7 34. Rd8# 1-0

[Event "Tradewise Gibraltar Chess Festival 2011"]
[Site "Gibraltar ENG"]
[Date "2011.01.30"]
[Round "6.104"]
[White "Birkestrand, Odd"]
[Black "Matto, Manuel"]
[Result "1/2-1/2"]
[WhiteElo "1894"]
[BlackElo "1838"]
[PlyCount "68"]
[EventDate "2011.01.25"]
[EventType "swiss"]
[EventRounds "10"]
[EventCountry "ENG"]
[Source "lmi"]
[SourceDate "2011.01.25"]

1. e4 e6 2. d4 d6 3. Be3 Be7 4. Nf3 Nd7 5. Bd3 h6 6. e5 d5 7. Qd2 a6 8. b4 b5
9. a3 Nb6 10. O-O g5 11. h3 Nc4 12. Bxc4 dxc4 13. Nc3 Bb7 14. Qe2 h5 15. Nh2 f5
16. f3 Nh6 17. Rad1 f4 18. Bc1 Nf5 19. Qf2 Ng3 20. Rfe1 Kf7 21. Nf1 h4 22. Nh2
Kg6 23. Ng4 c6 24. Ne4 a5 25. Nc5 Bc8 26. c3 axb4 27. cxb4 Qf8 28. Qc2+ Qf5 29.
Qf2 Bxc5 30. dxc5 Ra7 31. Rd6 Rc7 32. Red1 Nh5 33. Bb2 Rhh7 34. Qe2 Ng3 1/2-1/2

[Event "Tradewise Gibraltar Chess Festival 2011"]
[Site "Gibraltar ENG"]
[Date "2011.01.30"]
[Round "6.105"]
[White "Rough, Robert E"]
[Black "Perez Reisler, Jose"]
[Result "0-1"]
[WhiteElo "1742"]
[BlackElo "1893"]
[PlyCount "26"]
[EventDate "2011.01.25"]
[EventType "swiss"]
[EventRounds "10"]
[EventCountry "ENG"]
[Source "lmi"]
[SourceDate "2011.01.25"]

1. e4 c5 2. Nc3 Nc6 3. f4 g6 4. Nf3 Bg7 5. Bb5 Nd4 6. O-O e6 7. d3 Ne7 8. Be3
O-O 9. Bc4 d5 10. Nxd5 exd5 11. exd5 Nxd5 12. Bxd5 Qxd5 13. c3 Nxf3+ 0-1

[Event "Tradewise Gibraltar Chess Festival 2011"]
[Site "Gibraltar ENG"]
[Date "2011.01.30"]
[Round "6.106"]
[White "Jorgensen, Line Jin"]
[Black "Berggren, Klas"]
[Result "1/2-1/2"]
[WhiteElo "1892"]
[BlackElo "1463"]
[PlyCount "109"]
[EventDate "2011.01.25"]
[EventType "swiss"]
[EventRounds "10"]
[EventCountry "ENG"]
[Source "lmi"]
[SourceDate "2011.01.25"]

1. d4 d5 2. c4 e6 3. Nf3 Nf6 4. Nc3 Be7 5. Bg5 O-O 6. e3 Nbd7 7. Bd3 dxc4 8.
Bxc4 c5 9. O-O b6 10. dxc5 Nxc5 11. Qe2 Bb7 12. Rfd1 Qc7 13. Bf4 Bxf3 14. Qxf3
Qb7 15. Qh3 Rad8 16. Be2 Rxd1+ 17. Rxd1 Rd8 18. Rxd8+ Bxd8 19. Bf3 Qd7 20. g4
Qd2 21. g5 Ne8 22. Ne4 Qxb2 23. g6 hxg6 24. Ng5 Bxg5 25. Bxg5 Nd3 26. Qf1 Qc1
27. Qxc1 Nxc1 28. a3 f6 29. Bh4 Nd6 30. Kf1 Nc4 31. a4 Nd2+ 32. Kg2 Nxf3 33.
Kxf3 Nd3 34. Ke2 Nc5 35. a5 bxa5 36. Kd2 a4 37. Kc2 e5 38. f3 Kf7 39. Be1 Ke6
40. Kc3 Kd5 41. e4+ Kc6 42. Bd2 Kb5 43. Bc1 Ne6 44. Ba3 Ng5 45. Bf8 Ne6 46. Ba3
f5 47. Bd6 fxe4 48. fxe4 Ng5 49. Bxe5 Nxe4+ 50. Kb2 Nc5 51. Bxg7 Ne4 52. Bd4 a6
53. Ka3 Ng5 54. h4 Nf3 55. Bf6 1/2-1/2

[Event "Tradewise Gibraltar Chess Festival 2011"]
[Site "Gibraltar ENG"]
[Date "2011.01.30"]
[Round "6.107"]
[White "Kympergr, Vojtech"]
[Black "Zaky, Tamir"]
[Result "1/2-1/2"]
[WhiteElo "1631"]
[BlackElo "1861"]
[PlyCount "78"]
[EventDate "2011.01.25"]
[EventType "swiss"]
[EventRounds "10"]
[EventCountry "ENG"]
[Source "lmi"]
[SourceDate "2011.01.25"]

1. e4 c5 2. Nf3 e6 3. d4 cxd4 4. Nxd4 Nf6 5. Nc3 a6 6. Bg5 Be7 7. e5 Nd5 8.
Bxe7 Qxe7 9. Nxd5 exd5 10. Qe2 O-O 11. Nf5 Qg5 12. Nd6 Nc6 13. Rd1 d4 14. g3
Nb4 15. f4 Qg6 16. Rd2 Rb8 17. Qc4 Nc6 18. Bd3 b5 19. Bxg6 bxc4 20. Bf5 Rxb2
21. Nxc4 Rxa2 22. Nd6 Ne7 23. O-O Nxf5 24. Nxf5 a5 25. Nxd4 Ba6 26. Re1 Rc8 27.
Rdd1 Rc4 28. Rd2 Kf8 29. Rb1 g6 30. Rb8+ Ke7 31. g4 Raa4 32. c3 Rxc3 33. f5 Bc8
34. f6+ Kd8 35. Nb5 Rxg4+ 36. Kf2 Rf4+ 37. Kg2 Rb4 38. e6 Rg4+ 39. Kf2 Rf4+
1/2-1/2

[Event "Tradewise Gibraltar Chess Festival 2011"]
[Site "Gibraltar ENG"]
[Date "2011.01.31"]
[Round "7.41"]
[White "Mullon, Jean-Baptiste"]
[Black "Nikolaidis, Konstantinos"]
[Result "1-0"]
[WhiteElo "2420"]
[BlackElo "2284"]
[PlyCount "105"]
[EventDate "2011.01.25"]
[EventType "swiss"]
[EventRounds "10"]
[EventCountry "ENG"]
[Source "lmi"]
[SourceDate "2011.01.25"]

1. e4 c6 2. d4 d5 3. e5 c5 4. dxc5 e6 5. a3 Nc6 6. Nf3 Bxc5 7. b4 Bb6 8. Bb2 f6
9. Bb5 Nge7 10. O-O O-O 11. exf6 gxf6 12. c4 a6 13. Ba4 dxc4 14. Qc1 Bd7 15.
Qxc4 Nd5 16. Bb3 Nce7 17. Nbd2 Kh8 18. Rfe1 Qc7 19. Qh4 Qf4 20. Qxf4 Nxf4 21.
Nc4 Bc7 22. g3 Nfd5 23. Rad1 Rad8 24. Ng5 e5 25. Nxe5 fxe5 26. Bxd5 Nxd5 27.
Rxd5 Kg8 28. Bxe5 Bc6 29. Rxd8 Bxd8 30. Ne6 Re8 31. Nxd8 Rxd8 32. h3 Rd3 33.
Bb2 Bf3 34. Bc1 Kf7 35. g4 Rd1 36. Rxd1 Bxd1 37. Kg2 Ba4 38. Kf3 Bd1+ 39. Ke4
Be2 40. a4 b6 41. Be3 Bd1 42. Bxb6 Bxa4 43. f4 Bd1 44. Kf5 h6 45. Ke5 Be2 46.
f5 Bd1 47. Kf4 Be2 48. Bd4 Bd1 49. h4 Bc2 50. g5 hxg5+ 51. hxg5 Bb1 52. g6+ Kg8
53. Kg5 1-0

[Event "Tradewise Gibraltar Chess Festival 2011"]
[Site "Gibraltar ENG"]
[Date "2011.01.31"]
[Round "7.73"]
[White "Jaunooby, Ali R"]
[Black "Sommerhalder, Eric"]
[Result "1-0"]
[WhiteElo "2207"]
[BlackElo "2000"]
[PlyCount "75"]
[EventDate "2011.01.25"]
[EventType "swiss"]
[EventRounds "10"]
[EventCountry "ENG"]
[Source "lmi"]
[SourceDate "2011.01.25"]

1. d4 d5 2. Nf3 Nf6 3. Bg5 e6 4. e3 c6 5. Nbd2 Nbd7 6. Ne5 Be7 7. f4 Nxe5 8.
fxe5 Nd7 9. Bf4 f6 10. Bd3 f5 11. Qe2 Qb6 12. O-O-O c5 13. c4 cxd4 14. cxd5
exd5 15. exd4 Qxd4 16. Rhf1 Nc5 17. Bb5+ Bd7 18. e6 Nxe6 19. Bxd7+ Kxd7 20.
Qb5+ Kd8 21. Nc4 a6 22. Qa5+ b6 23. Nxb6 Qc5+ 24. Qxc5 Bxc5 25. Nxa8 Nxf4 26.
Kb1 Be3 27. g3 Ng6 28. Rxd5+ Kc8 29. Rd3 f4 30. Rb3 Re8 31. Nb6+ Bxb6 32. Rxb6
fxg3 33. hxg3 Re3 34. Rc1+ Kd8 35. Rc3 Re1+ 36. Kc2 a5 37. Rb8+ Ke7 38. Rb7+
1-0

[Event "Tradewise Gibraltar Chess Festival 2011"]
[Site "Gibraltar ENG"]
[Date "2011.02.01"]
[Round "8.4"]
[White "Mikhalevski, Victor"]
[Black "Onischuk, Alexander"]
[Result "1-0"]
[WhiteElo "2579"]
[BlackElo "2689"]
[PlyCount "95"]
[EventDate "2011.01.25"]
[EventType "swiss"]
[EventRounds "10"]
[EventCountry "ENG"]
[Source "lmi"]
[SourceDate "2011.01.25"]

1. d4 Nf6 2. c4 e6 3. g3 d5 4. Bg2 dxc4 5. Nf3 c5 6. O-O Nc6 7. Qa4 cxd4 8.
Nxd4 Qxd4 9. Bxc6+ Bd7 10. Rd1 Qxd1+ 11. Qxd1 Bxc6 12. Nd2 c3 13. bxc3 Be7 14.
Qb3 Rd8 15. Nf3 O-O 16. Ne5 Be4 17. f3 Bd6 18. Nxf7 Bd5 19. c4 Bc5+ 20. Kg2
Bxf3+ 21. exf3 Rxf7 22. Be3 Rc8 23. Bxc5 Rxc5 24. Qe3 Rxc4 25. Qxe6 Rc2+ 26.
Kh3 Rc6 27. Qb3 Rb6 28. Qa3 Ra6 29. Qc5 Nd7 30. Qd5 Raf6 31. Re1 Nf8 32. f4 Rf5
33. Qb3 Kh8 34. Re8 b6 35. Ra8 g6 36. Qa3 R5f6 37. Rxa7 Rxa7 38. Qxa7 Kg8 39.
Kg4 Rd6 40. Qc7 h5+ 41. Kh4 Rf6 42. Qd8 Kf7 43. Qd5+ Kg7 44. Qe5 Nd7 45. Qe7+
Rf7 46. Qd6 Kh6 47. Qe6 Kg7 48. a4 1-0

[Event "Tradewise Gibraltar Chess Festival 2011"]
[Site "Gibraltar ENG"]
[Date "2011.02.01"]
[Round "8.95"]
[White "Sommerhalder, Eric"]
[Black "Martinez Gonzalez, Francisco Ii"]
[Result "1-0"]
[WhiteElo "2000"]
[BlackElo "1870"]
[PlyCount "37"]
[EventDate "2011.01.25"]
[EventType "swiss"]
[EventRounds "10"]
[EventCountry "ENG"]
[Source "lmi"]
[SourceDate "2011.01.25"]

1. e4 c5 2. Nf3 d6 3. d4 cxd4 4. Nxd4 Nf6 5. Nc3 a6 6. Bg5 e6 7. Qe2 Nbd7 8.
O-O-O Qc7 9. g4 Be7 10. h4 b5 11. Bg2 Bb7 12. a3 Rc8 13. f4 e5 14. Nf5 g6 15.
Nxe7 Kxe7 16. fxe5 dxe5 17. Rhf1 h6 18. Bxf6+ Nxf6 19. Qf2 1-0

[Event "Tradewise Gibraltar Chess Festival 2011"]
[Site "Gibraltar ENG"]
[Date "2011.02.02"]
[Round "9.3"]
[White "Erdos, Viktor"]
[Black "Bologan, Viktor"]
[Result "1/2-1/2"]
[WhiteElo "2593"]
[BlackElo "2693"]
[PlyCount "110"]
[EventDate "2011.01.25"]
[EventType "swiss"]
[EventRounds "10"]
[EventCountry "ENG"]
[Source "lmi"]
[SourceDate "2011.01.25"]

1. d4 Nf6 2. c4 c5 3. d5 b5 4. Qc2 bxc4 5. e4 e6 6. Bxc4 exd5 7. exd5 d6 8. Nc3
Be7 9. Nge2 O-O 10. O-O Nbd7 11. Ng3 Nb6 12. b3 Ng4 13. Bd3 g6 14. h3 Ne5 15.
Be2 f5 16. f4 Ned7 17. Be3 Bf6 18. Rad1 a6 19. Bf2 Bg7 20. Rd2 Qf6 21. Nd1 Bh6
22. Be1 Re8 23. Rd3 Bb7 24. Ne3 Rxe3 25. Rxe3 Qd4 26. Bf2 Qxf4 27. Bd3 Nxd5 28.
Bc4 N7b6 29. Rf3 Qd2 30. Qxd2 Bxd2 31. Rd1 Bb4 32. Nxf5 gxf5 33. Rxf5 Nxc4 34.
bxc4 Nc3 35. Rxd6 Be4 36. Re5 Bg6 37. Rc6 Nxa2 38. Bxc5 Bc3 39. Ree6 a5 40. Ra6
Rc8 41. Bb6 Bf7 42. Re4 Bxc4 43. Rg4+ Kf7 44. Ra7+ Ke6 45. Bxa5 h5 46. Rg6+ Kf5
47. Rd6 Be5 48. Rc7 Rxc7 49. Bxc7 Bxd6 50. Bxd6 Ke4 51. Kf2 Nc1 52. Kg3 Ne2+
53. Kh4 Bf7 54. g4 Nd4 55. Kg5 hxg4 1/2-1/2

[Event "Tradewise Gibraltar Chess Festival 2011"]
[Site "Gibraltar ENG"]
[Date "2011.02.02"]
[Round "9.4"]
[White "Melia, Salome"]
[Black "Harikrishna, Pentala"]
[Result "1/2-1/2"]
[WhiteElo "2449"]
[BlackElo "2667"]
[PlyCount "143"]
[EventDate "2011.01.25"]
[EventType "swiss"]
[EventRounds "10"]
[EventCountry "ENG"]
[Source "lmi"]
[SourceDate "2011.01.25"]

1. e4 e5 2. Nf3 Nc6 3. Bb5 a6 4. Ba4 d6 5. c3 Nge7 6. O-O Bd7 7. d4 Ng6 8. Be3
Be7 9. d5 Nb8 10. Bxd7+ Nxd7 11. c4 O-O 12. Nc3 h6 13. b4 Nf6 14. h3 Nh7 15. c5
Ng5 16. Nxg5 Bxg5 17. Qd2 Bf4 18. c6 Rb8 19. cxb7 Rxb7 20. Rab1 Qg5 21. Qe2 f5
22. exf5 Nh4 23. Qg4 Bxe3 24. fxe3 Qxe3+ 25. Kh1 Qxc3 26. Qxh4 c5 27. dxc6 Qxc6
28. Rbc1 Qb5 29. Rfd1 Qxb4 30. Qxb4 Rxb4 31. Rxd6 Ra4 32. Rf1 Rxa2 33. Re6 Ra5
34. g4 Ra2 35. Rxe5 Rb8 36. Rfe1 Rbb2 37. R5e3 Kf7 38. Rg3 a5 39. Kg1 a4 40. h4
Rh2 41. Ra1 Rh3 42. Rxh3 Rxa1+ 43. Kg2 Ra2+ 44. Kg1 Re2 45. Ra3 Re4 46. g5 Rxh4
47. gxh6 gxh6 48. Rc3 Kf6 49. Rc5 Rf4 50. Ra5 h5 51. Kg2 h4 52. Kh3 Kg5 53. Kg2
Rb4 54. Kh3 Rb3+ 55. Kh2 Rb2+ 56. Kh3 Rb3+ 57. Kh2 Ra3 58. Kg2 h3+ 59. Kh2 Kf6
60. Rb5 Re3 61. Ra5 a3 62. Kg1 Kg5 63. Kh2 Rb3 64. Kg1 Rf3 65. Kh2 Kf4 66. Kg1
Kg5 67. Kh2 Kg4 68. f6 Rf2+ 69. Kg1 h2+ 70. Kh1 a2 71. f7 Rxf7 72. Rxa2 1/2-1/2

[Event "Tradewise Gibraltar Chess Festival 2011"]
[Site "Gibraltar ENG"]
[Date "2011.02.02"]
[Round "9.71"]
[White "Aerni, Andi"]
[Black "Sommerhalder, Eric"]
[Result "1/2-1/2"]
[WhiteElo "2182"]
[BlackElo "2000"]
[PlyCount "149"]
[EventDate "2011.01.25"]
[EventType "swiss"]
[EventRounds "10"]
[EventCountry "ENG"]
[Source "lmi"]
[SourceDate "2011.01.25"]

1. e4 c5 2. c3 Nf6 3. e5 Nd5 4. Nf3 Nc6 5. d4 cxd4 6. cxd4 d6 7. Bc4 e6 8. O-O
Be7 9. Qe2 O-O 10. Nc3 Nxc3 11. bxc3 Qc7 12. Bd3 dxe5 13. dxe5 b6 14. Re1 Bb7
15. Qe4 g6 16. Qa4 Rfd8 17. Bf1 Bf8 18. Bg5 Rd5 19. Bf6 Bg7 20. Bxg7 Kxg7 21.
Qf4 Kg8 22. c4 Rc5 23. Qh6 Nxe5 24. Ng5 Ng4 25. Qxh7+ Kf8 26. Rxe6 Qxh2+ 27.
Qxh2 Nxh2 28. Kxh2 Rxg5 29. Rd6 Ke7 30. Rad1 Rh8+ 31. Kg1 Bf3 32. Rd7+ Kf6 33.
R1d6+ Kg7 34. Rxa7 Bg4 35. Rxb6 Re5 36. f3 Be6 37. Kf2 Rd8 38. Rb2 Rc8 39. Ra4
Rec5 40. Rc2 Bf5 41. Rd2 Be6 42. Rd4 Rb8 43. Ke3 Rb2 44. g4 Rc7 45. Rd2 Rb8 46.
Kd4 Rbc8 47. Kc3 Kf6 48. Rd4 Kg5 49. Bd3 Kh4 50. Ra5 Kg3 51. Be2 Kf2 52. Re5
Ra7 53. Rd2 Rca8 54. Bd1+ Kg3 55. Ree2 Rc8 56. Rg2+ Kh3 57. Bb3 Rac7 58. Rc2
Bxc4 59. Kb2 Bxb3 60. axb3 Rxc2+ 61. Rxc2 Re8 62. b4 f5 63. gxf5 gxf5 64. Kb3
f4 65. b5 Re3+ 66. Rc3 Kg3 67. Kc4 Rxc3+ 68. Kxc3 Kxf3 69. b6 Kg2 70. b7 f3 71.
b8=Q f2 72. Qg8+ Kh1 73. Qd5+ Kg1 74. Qd4 Kh1 75. Qxf2 1/2-1/2

[Event "Tradewise Gibraltar Chess Festival 2011"]
[Site "Gibraltar ENG"]
[Date "2011.02.03"]
[Round "10.62"]
[White "Lee, Kai Jie Edward"]
[Black "Urbina Perez, Juan Antonio"]
[Result "0-1"]
[WhiteElo "1833"]
[BlackElo "2189"]
[PlyCount "84"]
[EventDate "2011.01.25"]
[EventType "swiss"]
[EventRounds "10"]
[EventCountry "ENG"]
[Source "lmi"]
[SourceDate "2011.01.25"]

1. e4 c5 2. Nf3 d6 3. d4 cxd4 4. Nxd4 Nf6 5. f3 e5 6. Bb5+ Bd7 7. Bxd7+ Nbxd7
8. Nf5 d5 9. exd5 Nb6 10. c4 Nxc4 11. Qa4+ Qd7 12. Qxc4 Rc8 13. Ne3 Rxc4 14.
Nxc4 Qxd5 15. Ne3 Qd3 16. Nc3 Bc5 17. Ncd1 O-O 18. a3 Rc8 19. Nf2 Qb3 20. Ned1
e4 21. fxe4 Nxe4 22. O-O f5 23. g3 Nxf2 24. Nxf2 Bxf2+ 25. Rxf2 Qd1+ 26. Rf1
Qd4+ 27. Rf2 Rc2 28. Be3 Qxe3 29. Raf1 Rxb2 30. Kg2 Rxf2+ 31. Rxf2 Qxa3 32.
Rxf5 Qa2+ 33. Kh3 Qe6 34. g4 Qxf5 35. gxf5 a5 36. Kh4 a4 37. Kh5 a3 38. h4 a2
39. f6 gxf6 40. Kh6 a1=Q 41. Kh5 Qd1+ 42. Kh6 Qg4 0-1

[Event "Tradewise Gibraltar Challengers 2"]
[Site "Gibraltar ENG"]
[Date "2011.01.30"]
[Round "2.7"]
[White "Erdelyi, Tamas Dr"]
[Black "Zanetti, Bruno"]
[Result "1-0"]
[WhiteElo "2160"]
[BlackElo "2017"]
[PlyCount "47"]
[EventDate "2011.01.29"]
[EventType "swiss"]
[EventRounds "5"]
[EventCountry "ENG"]

1. c4 e5 2. g3 f5 3. d4 exd4 4. Qxd4 Nc6 5. Qd1 Bc5 6. Nf3 Nf6 7. Bg2 O-O 8.
O-O d6 9. Bg5 Qe8 10. Bxf6 Rxf6 11. Nc3 Rh6 12. Nd5 Bb6 13. b4 Ne7 14. Rc1 c6
15. Nf4 Bc7 16. Re1 Ng6 17. e3 Ne5 18. h4 Rf6 19. b5 g6 20. Qb3 Kg7 21. Qc3 h6
22. a4 g5 23. hxg5 Nxf3+ 24. Bxf3 1-0

[Event "Tradewise Gibraltar Challengers 2"]
[Site "Gibraltar ENG"]
[Date "2011.01.31"]
[Round "3.4"]
[White "Jameson, David"]
[Black "Erdelyi, Tamas Dr"]
[Result "1/2-1/2"]
[WhiteElo "2054"]
[BlackElo "2160"]
[PlyCount "128"]
[EventDate "2011.01.29"]
[EventType "swiss"]
[EventRounds "5"]
[EventCountry "ENG"]

1. d4 Nf6 2. Nf3 c5 3. d5 g6 4. c4 b5 5. cxb5 a6 6. bxa6 Bg7 7. Nc3 Bxa6 8. e4
Bxf1 9. Kxf1 d6 10. g3 Nbd7 11. Kg2 O-O 12. Re1 Qb8 13. Qe2 Qb7 14. Rd1 Rfb8
15. h3 Ne8 16. Rd2 Nc7 17. Kh2 Nb5 18. Nxb5 Qxb5 19. Kg2 Ra5 20. Rc2 Qxe2 21.
Rxe2 Rba8 22. a3 Rb5 23. Ra2 Nb6 24. Bg5 Kf8 25. Bf4 h6 26. h4 h5 27. Rc2 f5
28. Ng5 fxe4 29. Ne6+ Kf7 30. Nc7 Rba5 31. Nxa8 Rxa8 32. b4 cxb4 33. axb4 Rxa2
34. Rxa2 Nxd5 35. b5 Bd4 36. Ra4 e5 37. Be3 Nc3 38. Rb4 Nd5 39. Rb3 Nb6 40.
Bxd4 exd4 41. Rb4 Ke6 42. Rxd4 d5 43. Rd1 Kd6 44. g4 Kc5 45. gxh5 gxh5 46. Rb1
Na4 47. f4 exf3+ 48. Kxf3 Kb6 49. Rb3 d4 50. Kf4 Nc3 51. Kg5 Nxb5 52. Kxh5 Kc5
53. Kg5 Kc4 54. Rb1 Nc3 55. Rf1 Ne4+ 56. Kf4 Nf6 57. Ke5 Ng4+ 58. Kf4 Nf6 59.
Kf5 Nd5 60. h5 Ne3+ 61. Kf4 Nxf1 62. h6 d3 63. h7 d2 64. h8=Q d1=Q 1/2-1/2

[Event "Tradewise Gibraltar Challengers 2"]
[Site "Gibraltar ENG"]
[Date "2011.02.01"]
[Round "4.5"]
[White "Erdelyi, Tamas Dr"]
[Black "Heppell, Ian N"]
[Result "0-1"]
[WhiteElo "2160"]
[BlackElo "2122"]
[PlyCount "58"]
[EventDate "2011.01.29"]
[EventType "swiss"]
[EventRounds "5"]
[EventCountry "ENG"]

1. Nf3 d6 2. g3 e5 3. d3 Be7 4. c4 f5 5. Nc3 Nf6 6. Bg2 Nc6 7. Rb1 a5 8. a3 O-O
9. b4 axb4 10. axb4 Qe8 11. b5 Nd8 12. Bg5 Ne6 13. Bxf6 Bxf6 14. Nd5 Qh5 15.
Nd2 Bd8 16. h3 Bd7 17. Ne3 Bc8 18. Bd5 Kh8 19. g4 fxg4 20. hxg4 Qe8 21. Nf3 Nc5
22. Kd2 Be6 23. Qg1 Bxd5 24. cxd5 Ra2+ 25. Kd1 Rxf3 26. exf3 Qg6 27. Nf5 Qg5
28. Ne3 Qf4 29. Qg3 Qd4 0-1